|
|
|
|
| LEADER |
00000nab a2200000 a 4500 |
| 001 |
vtls000162246 |
| 003 |
SK-MaSNL |
| 005 |
20260304071458.0 |
| 008 |
250422c1983 xo 0 slo |
| 015 |
|
|
|a SNBRB19rr/mm-uuuuu
|
| 035 |
|
|
|a CL0172357
|
| 035 |
|
|
|a urn:nbn:sk:snk-ab47f
|
| 035 |
|
|
|a (urnnbn)urn:nbn:sk:snk:ar-a04n8f
|
| 035 |
|
|
|a (uuid)77071e41-5f26-4750-84da-1460aa22a86a
|
| 040 |
|
|
|a SNKBUCL
|b slo
|c SNKBUCL
|e AACR2
|
| 041 |
0 |
|
|a cze
|
| 044 |
|
|
|a xo
|c SK
|
| 080 |
|
|
|a 532.5
|2 1981
|
| 100 |
1 |
|
|a Říha, Pavel,
|d 1924-
|4 aut
|9 7701
|
| 245 |
1 |
0 |
|a Konference Ústavu pro hydrodynamiku ČSAV "Hydrodynamic and physical processes in liquids and disperse systems."
|c P. Říha
|
| 650 |
0 |
7 |
|a kvapaliny
|2 snkbucl
|9 50943
|
| 650 |
0 |
7 |
|a sústavy disperzné
|2 snkbucl
|9 1358642
|
| 655 |
|
7 |
|a články z novín a časopisov
|2 snkbucl
|9 267496
|
| 773 |
0 |
|
|t Vodohospodársky časopis
|g Roč. 31, č. 5 (1983), s. 522-524
|
| 850 |
|
|
|a Slovenská národná knižnica
|
| 852 |
|
|
|a Slovenská národná knižnica
|
| 957 |
|
|
|a 3100
|
| 958 |
|
|
|a article27
|
| 958 |
|
|
|a RK
|
| 958 |
|
|
|a CZ
|
| 958 |
|
|
|a OND
|
| 958 |
|
|
|a EUIPO
|
| 992 |
|
|
|a RBX
|
| 999 |
|
|
|c 2760607
|d 2762537
|